Neuroimaging of Traumatic Brain Injury

The main purpose of this book is to present emerging neuroimaging data in order to define the role of primary and secondary structural and hemodynamic disturbances in different phases of traumatic brain injury (TBI) and to analyze the potential of diffusion tensor MRI, tractography and CT perfusion...

Πλήρης περιγραφή

Λεπτομέρειες βιβλιογραφικής εγγραφής
Κύριοι συγγραφείς: Zakharova, Natalia (Συγγραφέας), Kornienko, Valery (Συγγραφέας), Potapov, Alexander (Συγγραφέας), Pronin, Igor (Συγγραφέας)
Συγγραφή απο Οργανισμό/Αρχή: SpringerLink (Online service)
Μορφή: Ηλεκτρονική πηγή Ηλ. βιβλίο
Γλώσσα:English
Έκδοση: Cham : Springer International Publishing : Imprint: Springer, 2014.
Θέματα:
Διαθέσιμο Online:Full Text via HEAL-Link
LEADER 03134nam a22005415i 4500
001 978-3-319-04355-5
003 DE-He213
005 20151204174225.0
007 cr nn 008mamaa
008 140304s2014 gw | s |||| 0|eng d
020 |a 9783319043555  |9 978-3-319-04355-5 
024 7 |a 10.1007/978-3-319-04355-5  |2 doi 
040 |d GrThAP 
050 4 |a R895-920 
072 7 |a MMPH  |2 bicssc 
072 7 |a MJN  |2 bicssc 
072 7 |a MED056000  |2 bisacsh 
072 7 |a MED008000  |2 bisacsh 
082 0 4 |a 616.0757  |2 23 
100 1 |a Zakharova, Natalia.  |e author. 
245 1 0 |a Neuroimaging of Traumatic Brain Injury  |h [electronic resource] /  |c by Natalia Zakharova, Valery Kornienko, Alexander Potapov, Igor Pronin. 
264 1 |a Cham :  |b Springer International Publishing :  |b Imprint: Springer,  |c 2014. 
300 |a XII, 159 p. 67 illus., 53 illus. in color.  |b online resource. 
336 |a text  |b txt  |2 rdacontent 
337 |a computer  |b c  |2 rdamedia 
338 |a online resource  |b cr  |2 rdacarrier 
347 |a text file  |b PDF  |2 rda 
505 0 |a Clinical and prognostic value of neuroimaging in traumatic brain injury.- Clinical evaluation and neuroimaging technologies.- Neuroimaging classification of traumatic brain injury -- Dynamic study of white matter fiber tracts after traumatic brain injury -- Mapping of cerebral blood flow in focal and diffuse brain injury.- Dynamics of hemispheric and brain stem cerebral blood flow -- Conclusion. 
520 |a The main purpose of this book is to present emerging neuroimaging data in order to define the role of primary and secondary structural and hemodynamic disturbances in different phases of traumatic brain injury (TBI) and to analyze the potential of diffusion tensor MRI, tractography and CT perfusion imaging in evaluating the dynamics of TBI. The authors present a new MRI classification of brain stem and hemispheric cortical/subcortical damage localization that is of significant prognostic value. New data are provided regarding the pathogenesis and dynamics of diffuse and focal brain injuries and qualitative and quantitative changes in the brain white matter tracts. It is shown that diffuse axonal injury can be considered a clinical model of multidimensional “split brain” with commissural, association and projection fiber disorders. The book will be of interest for neuroradiologists, neurosurgeons, neurologists and others with an interest in the subject. 
650 0 |a Medicine. 
650 0 |a Neuroradiology. 
650 0 |a Nuclear medicine. 
650 0 |a Neurology. 
650 0 |a Neurosurgery. 
650 1 4 |a Medicine & Public Health. 
650 2 4 |a Neuroradiology. 
650 2 4 |a Neurosurgery. 
650 2 4 |a Neurology. 
650 2 4 |a Nuclear Medicine. 
700 1 |a Kornienko, Valery.  |e author. 
700 1 |a Potapov, Alexander.  |e author. 
700 1 |a Pronin, Igor.  |e author. 
710 2 |a SpringerLink (Online service) 
773 0 |t Springer eBooks 
776 0 8 |i Printed edition:  |z 9783319043548 
856 4 0 |u http://dx.doi.org/10.1007/978-3-319-04355-5  |z Full Text via HEAL-Link 
912 |a ZDB-2-SME 
950 |a Medicine (Springer-11650)